000 00910nas a2200289 4500
001 BR9201766
003 BR-BrBNA
005 20231205092440.0
007 ta
008 230509b bl.|||p| |||| 00| 00por d
040 _aBR-BrBNA
_bpor
_cBiblioteca Nacional de Agricultura
041 _a(Pt)
072 _aL51
100 1 _aSilva Sobrinho, A.G. da
100 1 _aRodrigues, M.T.
100 1 _aGarcia, J.A.
100 1 _aSilva, J.F.C. da
100 1 _aValadares Filho, S. de C.
245 1 _aExigencias nutricionais de proteina para mantenca de cabras
246 1 _aProtein requirements for maintenance of goats
650 _aCABRA
650 _aPROTEINA
650 _aEXIGENCIA NUTRICIONAL
773 0 _tRevista da Sociedade Brasileira de Zootecnia (Brazil)
_xISSN 0100-4859
_g(Nov-Dec 1991), v. 20(6) p. 604-613
_wBR9201766
909 _a202311
_bLúcia
_c55
_dLúcia Elande
942 _2AGRIS
_n0
_cANA
999 _c131777
_d131777